Tingginya menyapu awan

Bibliographic Details
Main Author: Malina Manja
Format: Book
Published: Kuala Lumpur : Dewan Bahasa dan Pustaka , 1978
Subjects:

MARC

LEADER 00000cam a2200000 7i4500
001 0000062516
005 20160412.0
008 160412
090 0 0 |a 808.822   |b MAL 
100 0 |a Malina Manja 
245 1 0 |a Tingginya menyapu awan   |c Malina Manja 
260 |a Kuala Lumpur :   |b Dewan Bahasa dan Pustaka ,   |c 1978 
300 |a 88p. 
650 0 |a Malay Drama 
999 |a 0000021891   |b Book   |c Adult Collection   |e Cawangan Muar